| 000 | 00774nam a2200229 a 4500 | ||
|---|---|---|---|
| 005 | 20200104041531.0 | ||
| 008 | 160122b ck a gr|||| 00| 0 spa d | ||
| 040 |
_aCO-BoIAVH _cCO-BoIAVH |
||
| 041 | _aspa | ||
| 082 | 4 |
_a333.9516079 _bP67e |
|
| 100 | 1 | _aPiskulich, Zdenka | |
| 245 | 1 |
_aManejo y conservación de tierras privadas _buna guía para las organizaciones |
|
| 260 |
_aArlington _bNature Conservancy _c2001 |
||
| 300 |
_a37 paginas _c28 x 23 cm. |
||
| 650 | 4 | _aReservas naturales de la sociedad civil | |
| 650 | 4 | _aManejo de recursos | |
| 650 | 4 | _aConservación de biodiversidad | |
| 650 | 4 | _aConservación de ecosistemas | |
| 650 | 4 | _aManual de procedimientos | |
| 650 | 4 | _aLegislación | |
| 942 |
_cLIBRO _2ddc |
||
| 999 |
_c2369 _d2369 |
||